000 00744nam a2200253Ia 4500
003 OSt
005 20220926033852.0
006 a|||||r|||| 00| 0
007 ta
008 220923b |||||||| |||| 00| 0 eng d
037 _cGeneral Book
040 _aRTL
_cRTL
_beng
041 _2eng
_aeng
082 _aU:(G:55), M8 D&W
100 _aSingh D M
_9339648
245 0 _aIntroduction to our earth and envorinment
260 _aVaranasi
_bEDSC
_c1988
300 _axvi,235p
_ccm.
490 _aEnvironment and Development Study Centre, Publication
650 _aGeography Irt Enviornment
700 _a Singh J
_9339649
942 _hU:(G:55), M8 D&W
_cGB
_2CC
999 _c658142
_d658142